<?xml version="1.0" encoding="UTF-8"?><?xml-stylesheet type="text/xsl" href="static/style.xsl"?><OAI-PMH xmlns="http://www.openarchives.org/OAI/2.0/" xmlns:xsi="http://www.w3.org/2001/XMLSchema-instance" xsi:schemaLocation="http://www.openarchives.org/OAI/2.0/ http://www.openarchives.org/OAI/2.0/OAI-PMH.xsd"><responseDate>2026-04-28T19:49:41Z</responseDate><request verb="GetRecord" identifier="oai:uvadoc.uva.es:10324/55143" metadataPrefix="marc">https://uvadoc.uva.es/oai/request</request><GetRecord><record><header><identifier>oai:uvadoc.uva.es:10324/55143</identifier><datestamp>2023-01-20T15:15:11Z</datestamp><setSpec>com_10324_38</setSpec><setSpec>col_10324_852</setSpec></header><metadata><record xmlns="http://www.loc.gov/MARC21/slim" xmlns:doc="http://www.lyncode.com/xoai" xmlns:xsi="http://www.w3.org/2001/XMLSchema-instance" xmlns:dcterms="http://purl.org/dc/terms/" xsi:schemaLocation="http://www.loc.gov/MARC21/slim http://www.loc.gov/standards/marcxml/schema/MARC21slim.xsd">
<leader>00925njm 22002777a 4500</leader>
<datafield tag="042" ind1=" " ind2=" ">
<subfield code="a">dc</subfield>
</datafield>
<datafield tag="720" ind1=" " ind2=" ">
<subfield code="a">Quesada Tofé, Marta</subfield>
<subfield code="e">author</subfield>
</datafield>
<datafield tag="260" ind1=" " ind2=" ">
<subfield code="c">2022</subfield>
</datafield>
<datafield tag="520" ind1=" " ind2=" ">
<subfield code="a">Este Trabajo de Fin de Grado muestra la disminución numérica de gripe, tuberculosis, legionelosis, enfermedad meningócica, sarampión y varicela entre 2019 y 2020 en Castilla y León. De manera análoga se plantea la posible influencia de las medidas preventivas impuestas por la pandemia COVID sobre estas variaciones epidemiológicas. Los datos para realizar este estudio observacional transversal han sido solicitados al Servicio de Epidemiología de la Dirección General de Salud Pública de la Consejería de Sanidad de Castilla y León. Los resultados de la comparativa de estas enfermedades muestran una notable reducción de la notificación de casos coincidiendo con el comienzo del confinamiento y el distanciamiento social.</subfield>
</datafield>
<datafield tag="024" ind2=" " ind1="8">
<subfield code="a">https://uvadoc.uva.es/handle/10324/55143</subfield>
</datafield>
<datafield ind1=" " ind2=" " tag="653">
<subfield code="a">Respiratorio, Aparato - Enfermedades</subfield>
</datafield>
<datafield ind1=" " ind2=" " tag="653">
<subfield code="a">Epidemiología</subfield>
</datafield>
<datafield tag="245" ind1="0" ind2="0">
<subfield code="a">Evolución de enfermedades de transmisión aérea y respiratoria antes y durante la pandemia de covid 19 en Castilla y León</subfield>
</datafield>
</record></metadata></record></GetRecord></OAI-PMH>